| 000 | 00419nam a22001697a 4500 | ||
|---|---|---|---|
| 003 | NUST - PNEC | ||
| 005 | 20170116181148.0 | ||
| 008 | 151014b xxu||||| |||| 00| 0 eng d | ||
| 020 | _a- | ||
| 040 | _cLIBRARY | ||
| 082 | _a621.4021 BOX | ||
| 100 |
_915204 _aBoxer, G. |
||
| 245 |
_aExamples in engineering thermodynamics _cG. Boxer |
||
| 260 | _cc.1966 | ||
| 650 |
_915205 _aThermodynamics _xME |
||
| 942 |
_2ddc _cBK |
||
| 999 |
_c70818 _d70818 |
||